000 00195 a2200097 4500
020 _a9780916773458
041 _aspa
100 _aLansky, Vicki
245 V _aNo es tu culpa, Koko oso
942 _cBK
999 _c31965
_d31963